| 000 | 00756nam0a22002411 4500 | ||
|---|---|---|---|
| 001 | rc\921937 | ||
| 005 | 20250622043436.0 | ||
| 035 | _a(NLR Aleph) 006095842 | ||
| 090 |
_a5207270 _c5207270 |
||
| 100 | _a20041129d1982 |||y0rusy50 ca | ||
| 101 | 0 | _arus | |
| 102 | _aRU | ||
| 105 | _aa ||||||||| | ||
| 200 | 1 |
_aУчись экономично водить автомобиль _fПер. с пол. Т.А. Бабковой |
|
| 210 |
_aМ. _cТранспорт _d1982 |
||
| 215 |
_a64 с. _cил. _d16 |
||
| 300 | _aПеревод изд.: Dalej i taniej / Wiestaw Jezewski (Warszawa, 1979) | ||
| 700 | 1 |
_aЕжевский _bВ. _gВеслав |
|
| 801 | 0 |
_aRU _bNLR _gpsbo |
|
| 801 | 1 |
_aRU _bELAR _2rusmarc |
|
| 852 |
_aNLR _j83-2/220 |
||
| 942 | _cBOOK | ||
| 980 | _aNB | ||